<?xml version="1.0" encoding="UTF-8"?>
<collection xmlns="http://www.loc.gov/MARC21/slim">
<record>
  <controlfield tag="001">169535</controlfield>
  <controlfield tag="005">20260304131015.0</controlfield>
  <datafield tag="037" ind1=" " ind2=" ">
    <subfield code="a">TAZ-TFM-2025-1667</subfield>
  </datafield>
  <datafield tag="041" ind1=" " ind2=" ">
    <subfield code="a">spa</subfield>
  </datafield>
  <datafield tag="100" ind1="1" ind2=" ">
    <subfield code="a">Calvete Chavarría Marlene Trinidad</subfield>
  </datafield>
  <datafield tag="242" ind1="0" ind2="0">
    <subfield code="a">Gerontological Narrative as an Intervention Resource to Enhance Well-Being in Older Adults</subfield>
  </datafield>
  <datafield tag="245" ind1="0" ind2="0">
    <subfield code="a">La narrativa gerontológica como recurso de intervención para incrementar el bienestar en adultos mayores</subfield>
  </datafield>
  <datafield tag="260" ind1=" " ind2=" ">
    <subfield code="a">Zaragoza</subfield>
    <subfield code="b">Universidad de Zaragoza</subfield>
    <subfield code="c">2025</subfield>
  </datafield>
  <datafield tag="506" ind1=" " ind2=" ">
    <subfield code="a">by-nc-sa</subfield>
    <subfield code="b">Creative Commons</subfield>
    <subfield code="c">3.0</subfield>
    <subfield code="u">http://creativecommons.org/licenses/by-nc-sa/3.0/</subfield>
  </datafield>
  <datafield tag="520" ind1=" " ind2=" ">
    <subfield code="a">Resumen &lt;br /> &lt;br />El propósito de esta investigación es aportar al bienestar psicoemocional de las personas adultas mayores mediante la narración gerontológica biográfica, considerando de manera relevante el contexto sociocultural de historia reciente, en el que ha transcurrido su historia vital. &lt;br /> El enfoque metodológico adoptado es cualitativo, etnográfico, fenomenológico y hermenéutico. Se realizaron cinco entrevistas de relatos de vida en profundidad a personas mayores de 75 años, hombres y mujeres, cuyas trayectorias vitales se desarrollaron en el contexto del franquismo, la posguerra y la transición democrática.&lt;br />El análisis narrativo, sustentado en los marcos teóricos de Paul Ricoeur (2003); William L. Randall, (2022); Lin, J., Zhao, R., Li, H., Lei, Y., &amp; Cuijpers, P. (2024 y otros autores, permitió identificar categorías relacionadas con la resiliencia autobiográfica, la emergencia desde la dignificación identitaria, y la reparación simbólica.&lt;br /> Los resultados muestran que la narración de la propia vida favorece la elaboraciónpsicoemocional de la historia de vida, la recuperación del sentido y la reafirmación de la agencia personal frente a la construcción de sus subjetividades más allá de los condicionamientos sociohistóricos.&lt;br />&lt;br /></subfield>
  </datafield>
  <datafield tag="521" ind1=" " ind2=" ">
    <subfield code="a">Máster Universitario en Gerontología Social</subfield>
  </datafield>
  <datafield tag="540" ind1=" " ind2=" ">
    <subfield code="a">Derechos regulados por licencia Creative Commons</subfield>
  </datafield>
  <datafield tag="856" ind1="0" ind2=" ">
    <subfield code="f">923899@unizar.es</subfield>
  </datafield>
  <datafield tag="856" ind1="4" ind2=" ">
    <subfield code="s">919669</subfield>
    <subfield code="u">http://zaguan.unizar.es/record/169535/files/TAZ-TFM-2025-1667.pdf</subfield>
    <subfield code="y">Memoria (spa)</subfield>
  </datafield>
  <datafield tag="909" ind1="C" ind2="O">
    <subfield code="o">oai:zaguan.unizar.es:169535</subfield>
    <subfield code="p">driver</subfield>
    <subfield code="p">trabajos-fin-master</subfield>
  </datafield>
  <datafield tag="950" ind1=" " ind2=" ">
    <subfield code="a"></subfield>
  </datafield>
  <datafield tag="691" ind1=" " ind2=" ">
    <subfield code="a">3</subfield>
  </datafield>
  <datafield tag="692" ind1=" " ind2=" ">
    <subfield code="a">los resultados de este estudio ofrecen aportes significativos no solo en el plano académico, sino también en la práctica clínica, educativa y social, como el uso de la narrativa biográfica como recurso para incrementar el bienestar psicoemocional. Desde la educación y la transmisión intergeneracional, incluir testimonios de adultos mayores en ámbitos escolares o comunitarios puede fortalecer la memoria histórica, transmitir valores de resiliencia y justicia y fomentar el respeto intergeneracional. Las entrevistas muestran que los mayores poseen un alto capital narrativo, por lo cual, Incorporar sus testimonios en políticas de memoria y programas comunitarios contribuye a su integración social y a incrementar su bienestar psicoemocional en tanto genera mayor ptotagonismo en su entorno. Por ejemplo, promover de proyectos intergeneracionales, espacios donde los adultos mayores narren sus experiencias a jóvenes incrementando sentido de pertenencia y aprendizaje mutuo, reforzando el bienestar de ambas generaciones.</subfield>
  </datafield>
  <datafield tag="700" ind1=" " ind2=" ">
    <subfield code="a">González Granados, Paula</subfield>
    <subfield code="e">dir.</subfield>
  </datafield>
  <datafield tag="710" ind1="2" ind2=" ">
    <subfield code="a">Universidad de Zaragoza</subfield>
    <subfield code="b">Psicología y Sociología</subfield>
    <subfield code="c">Antropologia Social</subfield>
  </datafield>
  <datafield tag="980" ind1=" " ind2=" ">
    <subfield code="a">TAZ</subfield>
    <subfield code="b">TFM</subfield>
    <subfield code="c">EUCS</subfield>
  </datafield>
  <datafield tag="999" ind1=" " ind2=" ">
    <subfield code="a">20251125195216.CREATION_DATE</subfield>
  </datafield>
  <datafield tag="951" ind1=" " ind2=" ">
    <subfield code="a">deposita:2026-03-04</subfield>
  </datafield>
</record>
</collection>